000 002610000a22000970004500
100 1 _aUrbán Fernández, Ángel
245 1 0 _aMujeres de la biblia : Una gran mujer
300 _aVol. 3, Núm 13 (1991), Páginas 32
773 0 _tImpacto Presbiteriano
942 _cANA
999 _c50970
_d50970